El régimen penal en el derecho comercial (Registro nro. 3420)

Detalles MARC
000 -LEADER
fixed length control field 00756 a2200253 4500
001 - CONTROL NUMBER
control field 41206
005 - DATE AND TIME OF LATEST TRANSACTION
control field 20260407155706.0
008 - FIXED-LENGTH DATA ELEMENTS--GENERAL INFORMATION
fixed length control field 260407a2001 arg spa d
003 - CONTROL NUMBER IDENTIFIER
control field AR-UNSa-BCEJYS
040 ## - CATALOGING SOURCE
Original cataloging agency AR-UNSa-BCEJYS
Language of cataloging spa
Transcribing agency AR-UNSa-BCEJYS
080 ## - UNIVERSAL DECIMAL CLASSIFICATION NUMBER
Universal Decimal Classification number 347.7
Common auxiliary subdivision Derecho Mercantil. Derecho Comercial
041 ## - LANGUAGE CODE
Language code of text/sound track or separate title spa
100 1# - MAIN ENTRY--PERSONAL NAME
Personal name Baigún, David
245 10 - TITLE STATEMENT
Title El régimen penal en el derecho comercial
264 #1 - PRODUCTION, PUBLICATION, DISTRIBUTION, MANUFACTURE, AND COPYRIGHT NOTICE
Place of production, publication, distribution, manufacture Buenos Aires :
Name of producer, publisher, distributor, manufacturer AD-HOC
Date of production, publication, distribution, manufacture, or copyright notice 2001
300 ## - PHYSICAL DESCRIPTION
Extent 47 p.
Dimensions 23 cm.
590 ## - LOCAL NOTE (RLIN)
Local note niveau_biblio:m niveau_hierar:0
700 1# - ADDED ENTRY--PERSONAL NAME
Personal name Kemelmajer de Carlucci, Aída
700 1# - ADDED ENTRY--PERSONAL NAME
Personal name Palmero, Juan C.
700 1# - ADDED ENTRY--PERSONAL NAME
Personal name Rouillon, Adolfo A.N.
700 1# - ADDED ENTRY--PERSONAL NAME
Personal name Kleidermacher, Arnoldo
700 1# - ADDED ENTRY--PERSONAL NAME
Personal name Instituto Argentino de Derecho Comercial
942 ## - ADDED ENTRY ELEMENTS (KOHA)
Koha item type

No hay ítems disponibles.